[Event "Neckar op-A 6th"]
[Site "Deizisau"]
[Date "2002.03.28"]
[Round "1"]
[White "Singer, Thorsten"]
[Black "Haba, Petr"]
[Result "0-1"]
[WhiteElo "2133"]
[BlackElo "2496"]
[PlyCount "76"]
[EventDate "2002.03.28"]
[EventType "swiss"]
[EventRounds "9"]
[EventCountry "GER"]
[SourceTitle "CBM 087 Extra"]
[Source "ChessBase"]
[SourceDate "2002.05.03"]
[SourceVersion "2"]
[SourceVersionDate "2002.08.09"]
[SourceQuality "1"]

1. e4 c5 2. Nf3 e6 3. d3 Nc6 4. g3 d5 5. Nbd2 Bd6 6. Bg2 Nge7 7. 0-0 0-0 8. c3 b6 9. Re1 f6 10. a3 a5 11. a4 Rb8 12. Bh3 Re8 13. Nf1 Kh8 14. Ne3 Bc7 15. Nc2 e5 16. Bxc8 Rxc8 17. Nh4 Qd7 18. Qf3 Rcd8 19. Kh1 Rf8 20. g4 d4 21. c4 Ng6 22. Nf5 Nf4 23. Rg1 g6 24. Nh4 Ne7 25. Bxf4 exf4 26. Qe2 Rde8 27. f3 g5 28. Ng2 h5 29. Nge1 Kg7 30. h3 Rh8 31. Kg2 hxg4 32. fxg4 f5 33. Kf1 fxg4 34. hxg4 f3 35. Nxf3 Ng6 36. Nce1 Ref8 37. Qd2 Bf4 38. Qe2 Be3 0-1